Państwa nieposiadające dostępu do morza/oceanu - Statystyki

Ogólne statystyki
  • Ten quiz został rozwiązany 37 razy
  • Średni wynik to 37 z 45
Statystyki odpowiedzi
Europa % Poprawnych
Czechy
100%
Andora
97%
Słowacja
97%
Austria
94%
Liechtenstein
94%
Szwajcaria
94%
Watykan
94%
Węgry
94%
Białoruś
91%
Boliwia
91%
Mołdawia
91%
San Marino
91%
Tadżykistan
91%
Uzbekistan
91%
Kirgistan
88%
Macedonia Północna
88%
Mongolia
88%
Paragwaj
88%
Sudan Południowy
88%
Bhutan
85%
Czad
85%
Luksemburg
85%
Turkmenistan
85%
Kazachstan
82%
Kosowo
82%
Nepal
82%
Serbia
82%
Afganistan
79%
Armenia
79%
Laos
76%
Mali
76%
Niger
76%
Rwanda
73%
Etiopia
70%
Lesotho
70%
Burkina Faso
67%
Burundi
67%
Eswatini
67%
Republika Środkowoafrykańska
67%
Zambia
67%
Zimbabwe
67%
Azerbejdżan
64%
Uganda
64%
Botswana
61%
Malawi
61%
Nie znaleziono quizów pasujących do podanych kryteriów
Rozkład punktacji
Procent ludzi z każdym wynikiem
Percentyl według liczby udzielonych odpowiedzi
Twoja historia wyników
Nie rozwiązałeś tego quizu